000 00856 a2200193 4500
003 Nust
005 20221129113603.0
020 _a8125907718
040 _cNust
082 _a621.3815,SAL
100 _aSalivahanan S
_9103764
245 _aDigital circuits and design /
_cS Salivahanan & S Arivazhagan
260 _aVikas Publishing House Pvt Ltd
_bNew Delhi
_c2000
300 _a466 p
_billus
_c24 cm
505 _aNumber System and Codes (Page-1), Boolean Algebra and Minimization Techniques (Page-37), Logic Gates (Page-73), Logic Families (Page-97), Arithmetic Circuits (Page-147), Combinational Circuits (Page-171), Flip-Flops (Page-237), Counters (Page-279), Registers (Page-323), Memory Devices (Page-355), Sequential Logic Design (Page-415).
600 _aSalivahanan S
_9103764
650 _aTelecommunication engineering
942 _2ddc
_cBK
999 _c182140
_d182140